000
00227nam a2200097Ia 4500
008
220204s9999 xx 000 0 und d
082
_a
82-3
_b
MAN
100
_a
Mandino, Og
245
0
_a
Greatest miracle in the world
942
_c
BK
999
_c
33445
_d
33445